| 000 | 00402nam a22001577a 4500 | ||
|---|---|---|---|
| 999 |
_c2390 _d2390 |
||
| 008 | 200227b ||||| |||| 00| 0 eng d | ||
| 082 | 0 | 0 |
_a504 _bJ438 |
| 100 |
_91971 _aJeans, James. |
||
| 245 | 1 | 0 |
_aThe Mysterious Universe _cby James. Jeans |
| 250 | _a2nd ed. | ||
| 260 |
_aCambridge _bCambridge University Press _c1948 |
||
| 300 | _aviii,142 p. | ||
| 365 | _d4.08 | ||
| 650 | 0 | _aScience | |
| 942 | _cBK | ||